000 00344cam a2200121ua 4500
082 _a660.3
_bHAY/CH
100 _aHaynes, Williams .
_91596
245 _aChemical Trade Names and Commercial Synonyms : A Dictionery of American Usage/ /
250 _a2 /
260 _aToronto :
_bD Van nostrand co ,
_c1955.
300 _a466 ; .
942 _cREF
999 _c9195
_d9195